| 000 | 00454nam a22001817a 4500 | ||
|---|---|---|---|
| 003 | CEME | ||
| 005 | 20210628202446.0 | ||
| 008 | 210208b xxu||||| |||| 00| 0 eng d | ||
| 020 | _a81-7635-614-X | ||
| 040 | _c. | ||
| 082 | _a006.696 LAM | ||
| 100 |
_aGooding, Lee, Lammers, Jim _959992 |
||
| 245 | _aMaya 4, fundamentals | ||
| 260 |
_aNEW DELHI _bTECHMEDIA PUBLISHER _c2002 |
||
| 300 | _aXLIII,526P | ||
| 650 |
_aMAYA 4 _959993 |
||
| 942 |
_cBK _2ddc |
||
| 999 |
_c569839 _d569839 |
||